Регионална библиотека "Любен Каравелов" - Русе

Морското вълче или Пътуване в мрака (Запис номер 147874)

MARC детайли
000 -Лидер
Контролно поле с фиксирана дължина 01523nam a2200349 a 4500
003 - Код на организацията, давaща контролен номер
Контролно поле BLK
005 - Дата и час на последна редакция
Контролно поле 20250501004115.0
008 - Елементи от данни с фиксирана дължина
fixed length control field 180410b bul|||||r ||||||| ||bul||
010 ## - Наследен системен номер
LC control number KNG00154093000
040 ## - Източник на каталожния запис
Идентификатор на билиотеката - собственик на записа BLK
041 ## - Код за език
Код за езика на текст/звукозапис или на отделно заглавие Български
Код за езика КДБФ Български
080 ## - УДК
Текстов определител УДК Английска литература
УДК код - определител по УДК 821.111
УДК определител -31
УДК - код + определител 821.111-31
100 1# - Редна дума - Автор
Автор Рид, Томас Майн
Дати, свързани с автора 1818-1883
Авторска отговорност първи автор
R(LIN) 365222
139 ## - Редно поле
Редна дума Рид, Томас Майн
Авторски знак Рид - Р 59
245 10 - Сведения за заглавието
Заглавие Морското вълче или Пътуване в мрака
Подзаглавни данни Роман за юноши
Редно поле (дума) Томас Майн Рид; прев. от англ. Сидер Петров Флорин; худож. Любен Христов Зидаров.
250 ## - Област на изданието
Сведения за изданието 2. изд.
257 ## - Страна на издаване
Страна на създаване/издаване Великобритания
260 ## - Област на издателските данни
Място на издаване, разпространение и проч. София
Име на издателя, разпространителя и проч. Нар. младеж
Година на издаване 1975
300 ## - Физическа характеристика
Страници 248 с.
Илюстрации и др. с ил.
Размери/Мащаб 21 см
380 ## - Жанр
Жанр Детска худож. лит.
490 ## - СЕРИИ (Колекции)
Име на серия Библиотека Приключения и научна фантастика
№: серия 91
9 (RLIN) 204436
500 ## - Общи забележки
Забележка Ориг. загл. The boy tar or A voyage in the dark. - 50 125 тир.
700 ## - Други автори (авторска отговорност)
Лично име Зидаров, Любен Христов
Автороска отговорност (Описва отношението между автора и произведението) худож.
9 (RLIN) 365107
700 1# - Други автори (авторска отговорност)
Лично име Флорин, Сидер Петров
Дати, свързани с автора 1912-1999
Друга информация Преводач от руски и английски език
Автороска отговорност (Описва отношението между автора и произведението) прев. от англ.
9 (RLIN) 134445
852 ## - Местоположение
Форматна сигнатура Цб 76164
856 4# - Електронен адрес и достъп
Електронен формат pdf - файл
856 4# - Електронен адрес и достъп
Електронен формат pdf - файл
999 ## - СИСТЕМНИ КОНТРОЛНИ НОМЕРА
Koha biblionumber 147874
Koha biblioitemnumber 147874
942 ## - АРТИКУЛИ
Вид на библиотечния материал Книги
Скрит в OPAC Не
Периодичен библиозапис Да
944 ## - СЪЗДАВАНЕ И РЕДАКЦИЯ на ЗАПИСА
Създаване/Редакция Създаване
Дата на регистрацията/редакция 29.11.2013
Статус, дата на статуса CRON CRON
Служител, извършил регистрацията/редакцията
944 ## - СЪЗДАВАНЕ И РЕДАКЦИЯ на ЗАПИСА
Създаване/Редакция Редакция
Дата на регистрацията/редакция 2022-09-26
Статус, дата на статуса 2022-09-26
Служител, извършил регистрацията/редакцията ир
999 ## - СИСТЕМНИ КОНТРОЛНИ НОМЕРА
Koha biblioitemnumber 147874
Наличности
Код за отписване Код за изгубен артикул Източник на класификационната схема Код за повреда Коз за рестрикции Код за отдаване Артикулен № Име на библиотеката - собственик Име на библиотеката, в която се намира в момента Статус (Текущо местоположение) Дата на вписване в системата Местоположение - отдел Цена в лева Инвентарен номер Систематично азбучна сигнатура Баркод Номер на екземпляра Цена в евро Служебна бележка Служебен тип на артикула
  Не е изгубен Universal Decimal Classification Не е повреден само за читалня ползва се в читалня 245820 Регионална библиотека "Любен Каравелов" Русе Регионална библиотека "Любен Каравелов" Русе Хранилище 1975-01-01 Хранилище 0.98 184676 Цб 76164 120000184676 1 0.50 N: стар фонд Дата: 01.01.1975 Книги
Изтеглен Не е изгубен Universal Decimal Classification Не е повреден без рестрикции заемане за дома 245821 Регионална библиотека "Любен Каравелов" Русе Регионална библиотека "Любен Каравелов" Русе Заемна - подръчен фонд 1975-01-01 Заемна - подръчен фонд 0.98 184909 П 820-31/Р 59 184909 2 0.50 N: стар фонд Дата: 01.01.1975 Книги
Изтеглен Не е изгубен Universal Decimal Classification Не е повреден без рестрикции заемане за дома 245822 Регионална библиотека "Любен Каравелов" Русе Регионална библиотека "Любен Каравелов" Русе Заемна - подръчен фонд 1975-01-01 Заемна - подръчен фонд 0.98 184911 П 820-31/Р 59 184911 3 0.50 N: стар фонд Дата: 01.01.1975 Книги
Изтеглен Не е изгубен Universal Decimal Classification Не е повреден без рестрикции заемане за дома 245823 Регионална библиотека "Любен Каравелов" Русе Регионална библиотека "Любен Каравелов" Русе Заемна - подръчен фонд 1975-01-01 Заемна - подръчен фонд 0.98 184913 П 820-31/Р 59 184913 4 0.50 N: стар фонд Дата: 01.01.1975 Книги
Изтеглен Не е изгубен Universal Decimal Classification Не е повреден без рестрикции заемане за дома 245824 Регионална библиотека "Любен Каравелов" Русе Регионална библиотека "Любен Каравелов" Русе Заемна - подръчен фонд 1975-01-01 Заемна - подръчен фонд 0.98 184914 П 820-31/Р 59 184914 5 0.50 N: стар фонд Дата: 01.01.1975 Книги
Изтеглен Не е изгубен Universal Decimal Classification Не е повреден без рестрикции заемане за дома 245825 Регионална библиотека "Любен Каравелов" Русе Регионална библиотека "Любен Каравелов" Русе Заемна - подръчен фонд 1975-01-01 Заемна - подръчен фонд 0.98 184915 П 820-31/Р 59 184915 6 0.50 N: стар фонд Дата: 01.01.1975 Книги
Изтеглен Не е изгубен Universal Decimal Classification Не е повреден без рестрикции заемане за дома 245826 Регионална библиотека "Любен Каравелов" Русе Регионална библиотека "Любен Каравелов" Русе Заемна - подръчен фонд 1975-01-01 Заемна - подръчен фонд 0.98 184921 П 820-31/Р 59 184921 7 0.50 N: стар фонд Дата: 01.01.1975 Книги
Изтеглен Не е изгубен Universal Decimal Classification Не е повреден без рестрикции заемане за дома 245827 Регионална библиотека "Любен Каравелов" Русе Регионална библиотека "Любен Каравелов" Русе Детски отдел 1975-01-01 Детски отдел 0.98 185175 ДХ 820/899/Р 59 820-31/Р 59 185175 8 0.50 N: стар фонд Дата: 01.01.1975 Дата инв: 14.09.2015 Бележки инв: Д2015 Книги
  Не е изгубен Universal Decimal Classification Не е повреден без рестрикции заемане за дома 245828 Регионална библиотека "Любен Каравелов" Русе Регионална библиотека "Любен Каравелов" Русе Детски отдел 1975-01-01 Детски отдел 0.20 633693 ДХ 820/899/Р 59 120000633693 9 0.10 N: стар фонд Дата: 01.01.1975 Дата инв: 14.09.2015 Бележки инв: Д2015 Книги
Vip Innovations Ltd, Rousse, Bulgaria 2025